Logo BPK

Biblioteka

Politechniki Koszalińskiej

Projektowanie opraw oświetleniowych / (Rekord nr 31506)

Szczegóły MARC
000 -ETYKIETA REKORDU
podpole kontrolne o stałej długości 00786nam a2200229 i 4500
001 - NUMER KONTROLNY REKORDU
pole kontrolne bg
040 ## - ŹRÓDŁO KATALOGOWANIA
Instytucja, która utworzyła rekord BPK
041 0# - KOD JĘZYKA
Kod języka tekstu pl
080 ## - UNIWERSALNA KLASYFIKACJA DZIESIĘTNA - UKD
UKD 621.32
008 - POLE O STAŁEJ DŁUGOŚCI - DANE KONTROLNE
podpole kontrolne o stałej długości s pl f |000 0 pol
100 1# - NAZWA OSOBOWA
Nazwa osobowa DYBCZYŃSKI, Władysław
245 10 - TYTUŁ/ODPOWIEDZIALNOŚĆ
Tytuł Projektowanie opraw oświetleniowych /
Pozostałe elementy strefy tytułu i oznaczenia odpowiedzialności Władysław Dybczyński, Tadeusz Oleszyński, Małgorzta Skonieczna.
260 ## - STREFA ADRESU WYDAWNICZEGO
Miejsce wydania Białystok :
Nazwa wydawcy/dystrybutora Wydawnictwa PB,
Data publikacji, dystrybucji/powstania dokumentu 1996.
300 ## - STREFA OPISU FIZYCZNEGO
Objętość 435 s. :
Inne cechy fizyczne rys., wykr. ;
Rozmiary 23 cm.
490 1# - STREFA SERII I DOKUMENTU WIELOCZĘŚCIOWEGO - FORMA NIE DO WYSZUKIWANIA
Tytuł i oznaczenie odpowiedzialności serii Rozprawy Naukowe / Politechnika Białostocka,
ISSN 0867-096X ;
Numeracja w obrębie serii nr 39
504 ## - UWAGA DOTYCZĄCA BIBLIOGRAFII
Informacje o bibliografii Bibliogr. s. 422-426.
650 #9 - HASŁO PRZEDMIOTOWE W FORMIE NAZWY OGÓLNEJ LUB JEDNOSTKOWEJ
Nazwa ogólna lub geograficzna Oprawy oświetleniowe
Określnik ogólny projekty
700 1# - HASŁO DODATKOWE - NAZWA OSOBOWA
Nazwa osobowa OLESZYŃSKI, Tadeusz
700 1# - HASŁO DODATKOWE - NAZWA OSOBOWA
Nazwa osobowa SKONIECZNA, Małgorzata
830 #0 - HASŁO DODATKOWE SERII LUB DOKUMENTU WIELOCZĘŚCIOWEGO - TYTUŁ UJEDNOLICONY
Tytuł ujednolicony Rozprawy Naukowe (Politechnika Białostocka) ;
Oznaczenie tomu nr 39
856 ## - LOKALIZACJA I DOSTĘP DO ELEKTRONICZNYCH DOKUMENTÓW ZDALNYCH
Link (URL) http://koha.tu.koszalin.pl/cgi-bin/koha/opac-detail.pl?biblionumber=31506
Tekst linku Katalog online BPK
942 ## - DODATKOWE ELEMENTY (KOHA)
Typ dokumentu Książka
Egzemplarze
Wycofany Status egzemplarza Uszkodzony Dostępność Lokalizacja stała Lokalizacja bieżąca Miejsce przechowywania Sygnatura Kod kreskowy Ostatnio wypożyczono Typ dokumentu
      Dostępny Biblioteka Politechniki Koszalińskiej Biblioteka Politechniki Koszalińskiej Wypożyczalnia BG 38885 01267457 25.01.2021 Książka
© 2023 Biblioteka Politechniki Koszalińskiej :: KOHA